000 00310nam a22001337a 4500
008 180828b xxu||||| |||| 00| 0 eng d
020 _a9780810364349
041 _aeng
080 _23 ED
_a311
100 _a55
101 _aSTA
245 _aSTATISTICAL ABSTRACT OF THE WORLD
_cMUTH.A
942 _2udc
_cBK
999 _c47368
_d47368